000 00620nam a2200241Ia 4500
005 20250425161818.0
008 250425s9999 xx 000 0 und d
041 _aspa
043 _aec
082 _a330.9866
100 _aMONCADA SANCHEZ, JOSE
245 0 _aECONOMIA CONCENTRADA:1996-1998
250 _a1A ED.
260 _aEcuador
_bUNIVERSIDAD DE GUAYAQUIL.FACULTAD DE CIENCIAS ECONOMICAS
_c1998
260 _aGUAYAQUIL
300 _a317
650 _aCONVERTIBILIDAD
650 _aECONOMIA
650 _aGLOBALIZACION
710 _aUNIVERSIDAD DE GUAYAQUI. FACUL
942 _c01
010 _a30651
999 _c216593
_d216593